[Event "CFriend AP-2004-Q-00003 email"]
[Site "Chessfriend.com"]
[Date "2004.02.04"]
[Round "?"]
[White "Grafen, Denis"]
[Black "Tallone, Carlos Alberto"]
[Result "1-0"]
[WhiteElo "2323"]
[BlackElo "2145"]
[PlyCount "51"]
[EventDate "2004.??.??"]
[EventType "tourn (corr)"]
[EventRounds "12"]
[SourceTitle "Corr 2008"]
[Source "ChessBase"]
[SourceDate "2008.06.24"]
[SourceVersion "1"]
[SourceVersionDate "2008.06.24"]
[SourceQuality "1"]

1. e4 c5 2. Nf3 e6 3. Nc3 a6 4. d4 cxd4 5. Nxd4 b5 6. Bd3 Qb6 7. Nb3 Qc7 8. f4 Bb7 9. 0-0 b4 10. Nb1 Nf6 11. e5 Nd5 12. c4 bxc3 13. Nxc3 Nxc3 14. bxc3 d6 15. f5 exf5 16. exd6 Bxd6 17. Qe2+ Kf8 18. Nd4 Nc6 19. Nxf5 Re8 20. Qg4 Bc5+ 21. Kh1 Rg8 22. Bf4 Ne5 23. Qg3 g5 24. Bxg5 Re6 25. h4 Qc6 26. Rae1 1-0

[Event "CFriend AP-2004-Q-00003 email"]
[Site "Chessfriend.com"]
[Date "2004.02.04"]
[Round "1"]
[White "Nenciulescu, Silviu"]
[Black "Tallone, Carlos Alberto"]
[Result "0-1"]
[WhiteElo "2056"]
[BlackElo "2075"]
[PlyCount "86"]
[EventDate "2004.??.??"]
[EventType "tourn (corr)"]
[EventRounds "12"]
[SourceTitle "Corr 2024"]
[Source "ChessBase"]
[SourceDate "2023.10.19"]
[SourceVersion "1"]
[SourceVersionDate "2023.10.19"]
[SourceQuality "1"]

1. d4 Nf6 2. c4 e6 3. Nf3 b6 4. g3 Ba6 5. b3 Bb4+ 6. Bd2 Be7 7. Bg2 c6 8. Bc3 d5 9. Ne5 Nfd7 10. Nxd7 Nxd7 11. Nd2 0-0 12. 0-0 Rc8 13. e4 c5 14. exd5 exd5 15. dxc5 dxc4 16. c6 cxb3 17. Re1 b2 18. Bxb2 Nc5 19. Nb3 Nd3 20. Re2 Nxb2 21. Rxb2 Qc7 22. Rd2 Rcd8 23. Rd7 Rxd7 24. Qxd7 Qxd7 25. cxd7 Bb5 26. Re1 Bf6 27. Bh3 Rd8 28. Rd1 Kf8 29. Bg4 g6 30. Kg2 Be7 31. f4 h5 32. Bf3 Bxd7 33. h3 Be6 34. g4 Rxd1 35. Bxd1 h4 36. Bc2 Bd5+ 37. Kf2 Kg7 38. a4 Bd6 39. f5 gxf5 40. gxf5 Kf6 41. a5 b5 42. Nd2 Bb4 43. Bb3 Bc6 0-1

[Event "CFriend AP-2004-Q-00003 email"]
[Site "Chessfriend.com"]
[Date "2004.02.04"]
[Round "?"]
[White "Tallone, Carlos Alberto"]
[Black "Lopez, Antonio"]
[Result "1-0"]
[WhiteElo "2145"]
[BlackElo "1997"]
[PlyCount "47"]
[EventDate "2004.??.??"]
[EventType "tourn (corr)"]
[EventRounds "12"]
[SourceTitle "Corr 2008"]
[Source "ChessBase"]
[SourceDate "2008.06.24"]
[SourceVersion "1"]
[SourceVersionDate "2008.06.24"]
[SourceQuality "1"]

1. e4 c5 2. Nf3 d6 3. d4 cxd4 4. Nxd4 Nf6 5. Nc3 a6 6. Be3 e5 7. Nb3 Be6 8. Qd2 Nc6 9. 0-0-0 Na5 10. Kb1 Nxb3 11. cxb3 Be7 12. f4 Rc8 13. h3 exf4 14. Bxf4 0-0 15. g4 b5 16. Bg2 b4 17. Ne2 Qc7 18. Nd4 Nd7 19. Qxb4 Ne5 20. Qd2 a5 21. Nf5 Bxf5 22. exf5 g6 23. Rhf1 gxf5 24. Bh6 1-0

[Event "CFriend AC-2003-Q-00008 email"]
[Site "Chessfriend.com"]
[Date "2003.07.01"]
[Round "?"]
[White "Daus, Peter"]
[Black "Tallone, Carlos Alberto"]
[Result "1/2-1/2"]
[WhiteElo "1900"]
[BlackElo "2142"]
[PlyCount "48"]
[EventDate "2003.07.01"]
[EventType "tourn (corr)"]
[EventRounds "10"]
[SourceTitle "Corr 2008"]
[Source "ChessBase"]
[SourceDate "2008.06.24"]
[SourceVersion "1"]
[SourceVersionDate "2008.06.24"]
[SourceQuality "1"]

1. d4 Nf6 2. c4 g6 3. Nc3 Bg7 4. e4 d6 5. Nge2 0-0 6. Ng3 c6 7. Be2 e5 8. d5 a6 9. a4 a5 10. h4 h5 11. Bg5 Qb6 12. Qd2 Nbd7 13. dxc6 bxc6 14. 0-0 Ba6 15. Qxd6 Qxb2 16. Qd3 Qb6 17. Rab1 Qd4 18. Qc2 Qc5 19. Na2 Rfb8 20. Be3 Qa3 21. Bc1 Qd6 22. Be3 Qa3 23. Bc1 Qc5 24. Be3 Qa3 1/2-1/2

[Event "CFriend AC-2003-Q-00008 email"]
[Site "Chessfriend.com"]
[Date "2003.07.01"]
[Round "?"]
[White "Zawadski, Anthony J"]
[Black "Tallone, Carlos Alberto"]
[Result "0-1"]
[WhiteElo "1932"]
[BlackElo "2142"]
[PlyCount "62"]
[EventDate "2003.07.01"]
[EventType "tourn (corr)"]
[EventRounds "10"]
[SourceTitle "Corr 2008"]
[Source "ChessBase"]
[SourceDate "2008.06.24"]
[SourceVersion "1"]
[SourceVersionDate "2008.06.24"]
[SourceQuality "1"]

1. c4 c5 2. Nc3 g6 3. Nf3 Bg7 4. d4 cxd4 5. Nxd4 Nc6 6. Nc2 Bxc3+ 7. bxc3 d6 8. e4 Nf6 9. f3 Qa5 10. Bd2 Be6 11. Nd4 Rb8 12. Nxe6 fxe6 13. Be2 0-0 14. 0-0 Rfc8 15. Rb1 Ne5 16. Rb4 b6 17. Ra4 Qc5+ 18. Kh1 a5 19. f4 Ned7 20. Bg4 Kf7 21. Bf3 e5 22. f5 Qc7 23. fxg6+ hxg6 24. Bg4 Kg7 25. Bg5 Nxe4 26. Bc1 Rh8 27. Qe1 Ndf6 28. Bf3 Rbf8 29. Bxe4 Nxe4 30. Rxf8 Rxf8 31. Be3 Qc6 0-1

[Event "CFriend AH-2003-0-00001 email"]
[Site "Chessfriend.com"]
[Date "2003.04.08"]
[Round "1"]
[White "Jimenez, Joaquin Rodrigo"]
[Black "Tallone, Carlos Alberto"]
[Result "0-1"]
[WhiteElo "1997"]
[BlackElo "2142"]
[PlyCount "74"]
[EventDate "2003.??.??"]
[EventType "tourn (corr)"]
[EventRounds "12"]
[SourceTitle "Corr 2008"]
[Source "ChessBase"]
[SourceDate "2008.06.24"]
[SourceVersion "1"]
[SourceVersionDate "2008.06.24"]
[SourceQuality "1"]

1. e4 c5 2. Nf3 d6 3. d4 cxd4 4. Nxd4 Nf6 5. Nc3 a6 6. f3 e6 7. Be3 b5 8. g4 h6 9. Qd2 Nbd7 10. 0-0-0 Bb7 11. h4 b4 12. Na4 Qa5 13. b3 Rc8 14. a3 e5 15. Nf5 d5 16. Bh3 g6 17. axb4 Bxb4 18. Nd6+ Kf8 19. Bxh6+ Kg8 20. Nxc8 Bxd2+ 21. Bxd2 Qc7 22. Ne7+ Kg7 23. g5 dxe4 24. Bb4 exf3 25. Bd6 Qa5 26. gxf6+ Nxf6 27. Rhg1 Ne4 28. Nf5+ Kh7 29. Ne3 Nxd6 30. Rxd6 Rd8 31. Nc4 Qc7 32. Rgd1 Rxd6 33. Rxd6 e4 34. Kd2 Kg7 35. Nc3 Qc5 36. Kc1 e3 37. Bf1 e2 0-1

[Event "CFriend AH-2003-0-00001 email"]
[Site "Chessfriend.com"]
[Date "2003.04.08"]
[Round "1"]
[White "Tallone, Carlos Alberto"]
[Black "Blake, Michael J"]
[Result "1-0"]
[WhiteElo "2121"]
[BlackElo "1731"]
[PlyCount "105"]
[EventDate "2003.??.??"]
[EventType "tourn (corr)"]
[EventRounds "12"]
[SourceTitle "Corr 2008"]
[Source "ChessBase"]
[SourceDate "2008.06.24"]
[SourceVersion "1"]
[SourceVersionDate "2008.06.24"]
[SourceQuality "1"]

1. e4 c6 2. d4 d5 3. Nc3 dxe4 4. Nxe4 Nd7 5. Bc4 Ngf6 6. Ng5 e6 7. Qe2 Nb6 8. Bd3 h6 9. N5f3 c5 10. dxc5 Nbd7 11. b4 a5 12. c3 Nd5 13. Bd2 Qf6 14. Rc1 axb4 15. cxb4 Rxa2 16. Qe4 Ra1 17. Ne2 Rxc1+ 18. Nxc1 Qd8 19. Qd4 Qf6 20. Qxf6 N7xf6 21. 0-0 g5 22. Re1 Be7 23. Bc4 0-0 24. h4 gxh4 25. Bxh6 Rd8 26. Bd2 b6 27. Nd3 Bb7 28. Nfe5 bxc5 29. bxc5 Rc8 30. Rb1 Ba8 31. Ba6 Re8 32. Ba5 Ne4 33. Rc1 f6 34. Nf3 Bc6 35. Nd4 Ra8 36. Nxc6 Rxa6 37. Nxe7+ Nxe7 38. Be1 e5 39. Rc4 Ra3 40. Nxe5 Nxc5 41. Rxc5 fxe5 42. Rxe5 Ng6 43. Re4 Kf7 44. Kh2 Kf6 45. f3 Kg5 46. Rg4+ Kh5 47. Bd2 Ra2 48. Rd4 Ne7 49. Rd6 Nf5 50. Rf6 Rxd2 51. Rxf5+ Kg6 52. Rf4 Kg5 53. Rg4+ 1-0

[Event "CFriend AH-2003-0-00001 email"]
[Site "Chessfriend.com"]
[Date "2003.04.08"]
[Round "1"]
[White "Tallone, Carlos Alberto"]
[Black "Castillo, German"]
[Result "1-0"]
[WhiteElo "2117"]
[BlackElo "1897"]
[PlyCount "67"]
[EventDate "2003.??.??"]
[EventType "tourn (corr)"]
[EventRounds "12"]
[SourceTitle "Corr 2008"]
[Source "ChessBase"]
[SourceDate "2008.06.24"]
[SourceVersion "1"]
[SourceVersionDate "2008.06.24"]
[SourceQuality "1"]

1. e4 e5 2. Nf3 Nc6 3. Bb5 a6 4. Ba4 Nf6 5. 0-0 Be7 6. Re1 b5 7. Bb3 d6 8. a4 Bg4 9. c3 0-0 10. d3 Na5 11. Ba2 c5 12. h3 Bd7 13. axb5 axb5 14. Bg5 Qc7 15. Na3 b4 16. Nc4 Nxc4 17. Bxc4 Rab8 18. Qc2 Be6 19. Bxe6 fxe6 20. Qb3 Qd7 21. Qa4 Qc7 22. Qa2 Qd7 23. d4 exd4 24. cxd4 b3 25. Qa7 Rb7 26. Qa6 Rc8 27. e5 Nd5 28. Bxe7 Rb6 29. Qa7 Rb7 30. Qa3 Qxe7 31. Qa6 dxe5 32. Rxe5 cxd4 33. Rxe6 Qc7 34. Rae1 1-0

[Event "Liape ch-1 zone-B gr-05 email"]
[Site "Liape email"]
[Date "2002.12.31"]
[Round "1"]
[White "Jordaan, Wayne"]
[Black "Tallone, Carlos Alberto"]
[Result "0-1"]
[WhiteElo "1673"]
[BlackElo "2234"]
[PlyCount "69"]
[EventDate "2003.??.??"]
[EventType "tourn (corr)"]
[EventRounds "6"]
[EventCountry "ARG"]
[SourceTitle "Corr 2006"]
[Source "ChessBase"]
[SourceDate "2006.04.01"]
[SourceVersion "3"]
[SourceVersionDate "2006.04.01"]
[SourceQuality "1"]

1. d4 Nf6 2. Nf3 e6 3. e3 c5 4. Nc3 d5 5. Bb5+ Bd7 6. Be2 Nc6 7. 0-0 a6 8. Ne5 Bd6 9. f4 0-0 10. a3 Qe7 11. dxc5 Bxc5 12. b4 Bb6 13. Nxd7 Qxd7 14. Na4 Ba7 15. Qd3 b5 16. Nc3 e5 17. fxe5 Nxe5 18. Qf5 Qd6 19. Nd1 Ne4 20. Bb2 Rae8 21. a4 Bb8 22. Qh5 Re6 23. axb5 Rh6 24. Rxa6 Nc6 25. Rf5 Rxh5 26. Rxh5 Qxb4 27. c3 Qb3 28. Rxc6 Qc2 29. Kf1 Bxh2 30. Rxh2 Ng3+ 31. Kf2 Nxe2 32. Kf3 Qxd1 33. c4 Qf1+ 34. Kg4 h5+ 35. Rxh5 0-1

[Event "Liape A-004 email"]
[Site "Liape email"]
[Date "2002.01.07"]
[Round "7"]
[White "Tallone, Carlos Alberto"]
[Black "Learte Pastor, Tomas"]
[Result "1/2-1/2"]
[WhiteElo "2224"]
[BlackElo "1875"]
[PlyCount "96"]
[EventDate "2002.05.20"]
[EventType "tourn (corr)"]
[EventRounds "6"]
[EventCountry "ARG"]
[SourceTitle "Corr 2006"]
[Source "ChessBase"]
[SourceDate "2006.04.01"]
[SourceVersion "3"]
[SourceVersionDate "2006.04.01"]
[SourceQuality "1"]

1. e4 c5 2. Nf3 d6 3. d4 cxd4 4. Nxd4 Nf6 5. Nc3 a6 6. Be2 e5 7. Nb3 Be7 8. 0-0 0-0 9. Be3 Be6 10. Nd5 Nbd7 11. Qd3 Bxd5 12. exd5 Nc5 13. Nxc5 dxc5 14. Bf3 Qc7 15. c4 Bd6 16. g3 Rae8 17. Qc2 e4 18. Bg2 h6 19. Rae1 Re7 20. Re2 Rfe8 21. Bd2 Be5 22. Rfe1 Bd4 23. Bxe4 Bxb2 24. a4 Bd4 25. a5 Qd7 26. Bf3 Rxe2 27. Rxe2 Rxe2 28. Bxe2 Qe7 29. Bf3 Ne8 30. Qe4 Qd8 31. Kg2 Nd6 32. Qd3 b5 33. axb6 Qxb6 34. Be2 Qb2 35. Bf4 Ne8 36. Qd2 Qxd2 37. Bxd2 Kf8 38. f3 Nd6 39. Kf1 Ke7 40. Ke1 h5 41. Bd3 f6 42. Kd1 Nf7 43. f4 Nd6 44. f5 Nf7 45. Kc2 Bg1 46. h3 Ng5 47. g4 Nxh3 48. gxh5 Bh2 1/2-1/2

[Event "Liape A-004 email"]
[Site "Liape email"]
[Date "2002.01.05"]
[Round "5"]
[White "Tallone, Carlos Alberto"]
[Black "Valverde Lopez, Mario"]
[Result "1-0"]
[WhiteElo "2224"]
[BlackElo "2212"]
[PlyCount "83"]
[EventDate "2002.05.20"]
[EventType "tourn (corr)"]
[EventRounds "6"]
[EventCountry "ARG"]
[SourceTitle "Corr 2006"]
[Source "ChessBase"]
[SourceDate "2006.04.01"]
[SourceVersion "3"]
[SourceVersionDate "2006.04.01"]
[SourceQuality "1"]

1. e4 e5 2. Nf3 Qe7 3. Bc4 h6 4. 0-0 Nf6 5. d4 d6 6. Nc3 c6 7. a4 Bg4 8. Be3 Nbd7 9. d5 Nc5 10. dxc6 bxc6 11. Bxc5 dxc5 12. Qe2 Rb8 13. b3 Nh5 14. h3 Nf4 15. Qe3 Be6 16. Bxe6 Qxe6 17. Ne2 Nxe2+ 18. Qxe2 c4 19. Qe3 Bb4 20. Qxa7 0-0 21. Rab1 cxb3 22. cxb3 Rbd8 23. Qb6 Rb8 24. Qc7 Bc3 25. Rfc1 Rfc8 26. Qa7 Bb4 27. Rd1 Qf6 28. Qe3 Qe7 29. Rd3 Rb7 30. Rbd1 Rcb8 31. Qc1 Qe6 32. Qc2 Kh7 33. Rd8 Rxd8 34. Rxd8 Ra7 35. Nh2 Ra5 36. Ng4 Qe7 37. Rb8 Bd6 38. Rc8 Rc5 39. Qd2 Qe6 40. Rd8 Be7 41. Rd3 Bg5 42. Ne3 1-0

[Event "Liape A-004 email"]
[Site "Liape email"]
[Date "2002.01.03"]
[Round "3"]
[White "Sofia, Gerardo"]
[Black "Tallone, Carlos Alberto"]
[Result "0-1"]
[WhiteElo "2036"]
[BlackElo "2224"]
[PlyCount "64"]
[EventDate "2002.05.20"]
[EventType "tourn (corr)"]
[EventRounds "6"]
[EventCountry "ARG"]
[SourceTitle "Corr 2006"]
[Source "ChessBase"]
[SourceDate "2006.04.01"]
[SourceVersion "3"]
[SourceVersionDate "2006.04.01"]
[SourceQuality "1"]

1. e4 e5 2. Nf3 Nc6 3. Bb5 a6 4. Ba4 Nf6 5. d3 b5 6. Bb3 Be7 7. a4 b4 8. Bd5 Nxd5 9. exd5 Nd4 10. Nxe5 Bf6 11. Ng4 Qe7+ 12. Ne3 Nf5 13. 0-0 Nxe3 14. fxe3 0-0 15. Qf3 c6 16. dxc6 dxc6 17. Qxc6 Bb7 18. Qc4 Rac8 19. Qb3 Be5 20. d4 Bb8 21. Rf2 Qh4 22. h3 Qg3 23. Kf1 Qh2 24. Nd2 Bg3 25. e4 a5 26. Ke2 Bh4 27. Qd3 Bxf2 28. Kxf2 f5 29. e5 Qxg2+ 30. Ke1 Be4 31. Nxe4 fxe4 32. Qe2 Qg1+ 0-1

[Event "IECG CP.2000.Q.00026"]
[Site "IECG email"]
[Date "2001.10.01"]
[Round "?"]
[White "Tallone, Carlos Alberto"]
[Black "Muth, Jens Joachim"]
[Result "1-0"]
[WhiteElo "2000"]
[BlackElo "1226"]
[PlyCount "71"]
[EventDate "2001.10.01"]
[EventType "tourn (corr)"]
[EventRounds "6"]
[SourceTitle "Corr 2008"]
[Source "ChessBase"]
[SourceDate "2008.06.24"]
[SourceVersion "1"]
[SourceVersionDate "2008.06.24"]
[SourceQuality "1"]

1. e4 c5 2. Nf3 d6 3. d4 cxd4 4. Nxd4 Nf6 5. Nc3 Bd7 6. f3 Qb6 7. Nb3 Nc6 8. Qe2 e6 9. Be3 Qc7 10. 0-0-0 Na5 11. Kb1 Nxb3 12. cxb3 a6 13. g4 Bc6 14. h4 b5 15. g5 Nd7 16. Nd5 Qd8 17. Bh3 Rc8 18. Bd4 Bb7 19. Nf4 Bc6 20. Nh5 Rg8 21. e5 d5 22. f4 g6 23. f5 gxf5 24. Bxf5 Rh8 25. Rhf1 Qe7 26. Nf6+ Kd8 27. Bg4 Kc7 28. Nxd7 Bxd7 29. Rc1+ Kb8 30. Qe3 Kb7 31. Rxc8 Bxc8 32. Bh5 Bd7 33. Rxf7 Qd8 34. Bf3 Be7 35. Bc5 Re8 36. Rxh7 1-0

[Event "IECG LA.2001.0.00001 email"]
[Site "IECG email"]
[Date "2001.05.29"]
[Round "?"]
[White "Tallone, Carlos Alberto"]
[Black "Grazinys, Vidmantas"]
[Result "0-1"]
[WhiteElo "2000"]
[BlackElo "2089"]
[PlyCount "76"]
[EventDate "2001.05.29"]
[EventType "tourn (corr)"]
[EventRounds "14"]
[SourceTitle "Corr 2008"]
[Source "ChessBase"]
[SourceDate "2008.06.24"]
[SourceVersion "1"]
[SourceVersionDate "2008.06.24"]
[SourceQuality "1"]

1. d4 d5 2. c4 e6 3. Nc3 Nf6 4. cxd5 exd5 5. Bg5 c6 6. e3 Be7 7. Bd3 Nbd7 8. Qc2 0-0 9. Nge2 Re8 10. 0-0 Nf8 11. f3 Ng6 12. Rad1 Nh5 13. Bxe7 Qxe7 14. e4 Qg5 15. e5 Nh4 16. Rf2 Ng6 17. g3 Nhf4 18. Nxf4 Nxf4 19. Bf1 Nh3+ 20. Bxh3 Bxh3 21. Re1 Bf5 22. Qc1 Qg6 23. Ne2 Rac8 24. Nf4 Qg5 25. b4 b6 26. Qe3 Qe7 27. Rb2 a6 28. a3 h6 29. a4 Qb7 30. g4 Bh7 31. Kg2 Qe7 32. a5 Rb8 33. Qc3 bxa5 34. bxa5 Rxb2+ 35. Qxb2 f5 36. h3 fxg4 37. hxg4 Rf8 38. Qb6 Rxf4 0-1